000 00740nam a2200241Ia 4500
003 OSt
005 20220925225021.0
006 a|||||r|||| 00| 0
007 ta
008 220923b |||||||| |||| 00| 0 eng d
037 _cGeneral Book
040 _aRTL
_cRTL
_beng
041 _2eng
_aeng
082 _aRxM97:g, N5
100 _aGill Carolyn Bailey Ed.
_916861
245 0 _aBataille
_b Writing the sacred
260 _aLondon
_bRoutledge U. K.
_c1995
300 _axv, 195p
_ccm.
490 _aWarwick Studies in European Philosophy
650 _aPhilosophy-George Bataille
_9291841
942 _hRxM97:g, N5
_cGB
_2CC
999 _c582787
_d582787